Statistics for World Countries by Endonyms

Click here to take the quiz!

General Stats

  • This quiz has been taken 84 times
  • The average score is 99 of 196

Answer Stats

HintAnswer% Correct
ArgentinaArgentina
84%
AustraliaAustralia
83%
AndorraAndorra
81%
Antigua and BarbudaAntigua and Barbuda
81%
AngolaAngola/Ngola
78%
AustriaÖsterreich
78%
BahamasThe Bahamas
78%
BelizeBelize
77%
CanadaCanada
77%
BeninBénin
75%
BelarusBielaruś/Belarus
75%
BoliviaBolivia/Buliwya/Wuliwya/Volivia
75%
GermanyDeutschland
73%
BarbadosBarbados
72%
BrazilBrasil
72%
FranceFrance
72%
United KingdomUnited Kingdom
72%
BelgiumBelgië/Belgique/Belgien
70%
BotswanaBotswana
70%
BruneiBrunei
70%
Burkina FasoBurkina Faso
70%
Costa RicaCosta Rica
69%
El SalvadorEl Salvador
69%
New ZealandNew Zealand/Aotearoa
69%
United StatesUnited States
69%
CameroonCameroun/Cameroon
67%
ChileChile
67%
ColombiaColombia
67%
Côte d'IvoireCôte d'Ivoire
67%
DominicaDominica
67%
IrelandÉire/Ireland
67%
JapanNihon/Nippon
67%
BangladeshBangladesh
66%
CubaCuba
66%
EcuadorEcuador
66%
FijiFiji/Viti
66%
GuatemalaGuatemala
66%
ItalyItalia
66%
FinlandSuomi/Finland
66%
BurundiUburundi/Burundi
66%
IndiaBharôt/India/Bhārat/Bhārata/Bhāratam/Bhāratadēsam
64%
EswatiniEswatini
64%
GrenadaGrenada
64%
HaitiHaiti/Ayiti
64%
DjiboutiJībūtī/Djibouti/Jabuuti/Gabuuti
64%
LaosLao
64%
MexicoMéxico/Mēxihco
64%
PortugalPortugal
64%
San MarinoSan Marino
64%
VietnamViet Nam
64%
TaiwanZhōnghuá Mínguó/Taiwan
64%
GhanaGhana/Gaana/Gana
63%
HondurasHonduras
63%
LuxembourgLëtzebuerg/Luxemburg/Luxembourg
63%
LiberiaLiberia
63%
LiechtensteinLiechtenstein
63%
MonacoMonaco/Múnegu
63%
ParaguayParaguay/Paraguái
63%
PeruPerú/Piruw
63%
GabonRépublique gabonaise/Gabon
63%
East TimorTimor Lorosa'e/Timor-Leste
63%
Cape VerdeCabo Verde
61%
GambiaGambia/The Gambia
61%
IranĪrān
61%
KenyaKenya
61%
MaltaMalta
61%
NigerNiger
61%
NigeriaNigeria/Nijeriya/Naìjíríyà/Nàìjíríà
61%
PanamaPanamá
61%
PhilippinesPilipinas/Philippines
61%
KazakhstanQazaqstan/Kazakhstán
61%
RomaniaRomânia
61%
Saint LuciaSaint Lucia
61%
ThailandThai/Prathet Thai/Ratcha-anachak Thai
61%
TogoTogo
61%
Trinidad and TobagoTrinidad and Tobago
61%
UruguayUruguay
61%
KiribatiKiribati
59%
LesothoLesotho
59%
MadagascarMadagasikara/Madagascar
59%
MalawiMalawi/Malaŵi
59%
MalaysiaMalaysia
59%
MaliMali
59%
Marshall IslandsMarshall Islands/Aorokin Majel
59%
NepalNepāl
59%
PakistanPakistān
59%
Saint Kitts and NevisSaint Kitts and Nevis
59%
SingaporeSingapura/Singapore/Xīnjiāpō/Singapur
59%
Sri LankaSri Lankā
59%
TanzaniaTanzania
59%
TongaTonga
59%
TurkmenistanTürkmenistan
59%
SpainEspaña/Espanya/Espainia/Espanha
58%
KosovoKosova/Kosovo
58%
LibyaLibya/Lībiyā
58%
MoldovaMoldova
58%
MyanmarMyanma
58%
NauruNauru/Naoero
58%
NetherlandsNederland/Nederlân
58%
Papua New GuineaPapua New Guinea/Papua Niugini/Papua Niu Gini
58%
RwandaRwanda
58%
Saint Vincent and the GrenadinesSaint Vincent and the Grenadines
58%
SamoaSamoa/Sāmoa
58%
South AfricaSouth Africa/Suid-Afrika/iNingizimu Afrika/uMzantsi Afrika/Afrika-Borwa/Afrika Borwa/Aforika Borwa/Afurika Tshipembe/Afrika Dzonga/iNingizimu Afrika/iSewula Afrika
58%
UgandaUganda
58%
PalauBelau/Palau
56%
GuyanaGuyana
56%
IndonesiaIndonesia
56%
JamaicaJamaica
56%
KyrgyzstanKyrgyzstan/Kirgizija
56%
NamibiaNamibia/Namibië
56%
NicaraguaNicaragua
56%
SenegalSénégal/Senegaal
56%
Solomon IslandsSolomon Islands/Solomon Aelan
56%
SurinameSuriname
56%
TuvaluTuvalu
56%
ZambiaZambia
56%
ZimbabweZimbabwe
56%
DenmarkDanmark
55%
IcelandÍsland
55%
Federated States of MicronesiaMicronesia/Federated States of Micronesia
55%
PolandPolska
55%
SeychellesSesel/Seychelles
55%
VenezuelaVenezuela
55%
GreeceHellas/Ellada
53%
CroatiaHrvatska
53%
QatarQatar
53%
São Tomé and PríncipeSão Tomé and Príncipe
53%
Sierra LeoneSierra Leone
53%
VanuatuVanuatu
53%
MauritiusMauritius/Maurice/Moris
52%
AlbaniaShqipëria
50%
TurkeyTürkiye
50%
EstoniaEesti
48%
ArmeniaHayastán
48%
SwitzerlandSchweiz/Suisse/Svizzera/Svizra
48%
SwedenSverige
47%
RussiaRossiya/Rossiâ
45%
South SudanSouth Sudan/Sudan Kusini/Paguot Thudän
45%
ChadTchad/Tšād
45%
ChinaZhōngguó
45%
EgyptMisr/Masr
42%
CambodiaKămpŭchéa
41%
NorwayNorge/Noreg/Norga/Vuodna/Nöörje
41%
Dominican RepublicRepública Dominicana
41%
LithuaniaLietuva
39%
MontenegroCrna Gora
36%
CyprusKypros/Kıbrıs
36%
LatviaLatvija
36%
GeorgiaSak'art'velo
36%
SerbiaSrbija
36%
Czech RepublicČeská republika/Česko
33%
LebanonLubnān/Liban
33%
AzerbaijanAzərbaycan
31%
HungaryMagyarország
31%
GuineaGuinée/Gine
30%
SlovakiaSlovensko
30%
Equatorial GuineaGuinea Ecuatorial/Guinée équatoriale/Guiné Equatorial
28%
SloveniaSlovenija
28%
BhutanDruk Yul
27%
AlgeriaDzayer/Al-Jazā'ir
27%
Bosnia and HerzegovinaBosna i Hercegovina
25%
ComorosKomori/Juzur al-Qamar/Comores
25%
IsraelYisra'el/Isra'iyl
25%
AfghanistanAfghanestan
23%
IraqAl-'Iraq/Êraq
23%
MozambiqueMoçambique
22%
Republic of the CongoRépublique du Congo/Repubilika ya Kôngo/Republíki ya Kongó
22%
BahrainAl-Bahrayn
20%
North KoreaChosŏn/Bukchosŏn
20%
Vatican CityCivitas Vaticana/Città del Vaticano
20%
South KoreaHanguk/Namhan
20%
Democratic Republic of the CongoRépublique démocratique du Congo/Republíki ya Kongó Demokratíki/Repubilika ya Kôngo ya Dimokalasi/Jamhuri ya Kidemokrasia ya Kongo
19%
TajikistanTojikistan
19%
JordanAl-'Urdun
17%
BulgariaBălgariya/Bălgarija
17%
Guinea-BissauGuiné-Bissau
17%
SomaliaSoomaaliya/aş-Şūmāl
16%
MongoliaMongol Uls
14%
UzbekistanO'zbekiston
14%
Oman'Umān
14%
YemenAl-Yaman
13%
EthiopiaItyop'ia
13%
SudanAs-Sudan
11%
Central African RepublicCentrafrique/Bêafrîka
11%
North MacedoniaSeverna Makedonija/Maqedonia e Veriut
11%
UkraineUkrajina
11%
MauritaniaMuritan/Agawec/Mūrītānyā
9%
EritreaIritriya/Ertra
8%
TunisiaTunes/Tūns
8%
SyriaSuriyah
6%
United Arab EmiratesAl-’Imārat Al-‘Arabiyyah Al-Muttaḥidah
2%
Saudi ArabiaAl-Mamlaka Al-‘Arabiyyah as Sa‘ūdiyyah
2%
MoroccoAmerruk/Elmerib/Al-mareb
2%
KuwaitDawlat ul-Kuwayt/il-ikwet
2%
MaldivesDhivehi Raajje
2%

Score Distribution

Percentile by Number Answered

Percent of People with Each Score

Your Score History

You have not taken this quiz